The Doctor or The Who? Quiz Stats

 Plays Quiz Updated Sep 19, 2014

Challenge
Share
Tweet
Embed
Score 0/30 Timer 04:00
0 Plays Today
Quote The Doctor (D) or The Who (W) % Correct
You were fantastic. And you know what? So was I!???
87.3%
We need to talk to Vincent Van Gogh.???
80.8%
Never ignore coincidence. Unless, of course, you’re busy!???
80.5%
Madame de Pompadour, you look younger every day.???
80%
Look at you now, all grown up!???
79.5%
I have two hearts and I can't fly a plane.???
78.9%
I'm not running away from things. I'm running to them.???
78.7%
Everybody knows that everybody dies. But not every day.???
77.6%
Would you like a jelly baby????
77.4%
Letting it get to you. You know what that’s called? Being alive.???
77.2%
No one knows what it's like to be the bad man.???
76.8%
We’re all stories, in the end.???
76.4%
Not everything ends. Not love. Not always.???
75.9%
I won't get what I'm after 'til the day I die.???
74.6%
I take a bow for the new revolution.???
73.2%
Quote The Doctor (D) or The Who (W) % Correct
Substitute me for him, substitute my coke for gin.???
72.9%
Why don't you just fff...fade away????
71.7%
I was born with a plastic spoon in my mouth.???
70%
A man is a man when he can offer his hand.???
69.5%
It’s the end but the moment has been prepared for.???
69.2%
I am free and I am waiting for you to follow me.???
68.4%
You blew into life on this leaf.???
67.2%
The world looks just the same, and the history ain't changed.???
64.3%
Why should I care? Why should I care????
62.4%
Meet the new boss, same as the old boss.???
61.4%
I've got to get that cockerel before all hell breaks loose!???
61.2%
I don't need to fight to prove I'm right.???
59.5%
I've got values, but I don't know how or why.???
58.7%
If I swallow anything evil, put your fingers down my throat.???
51.4%
How do you think he does it? I don't know!???
45%

You're not logged in!

Compare scores with friends on all Sporcle quizzes.
OR
Log In

You Might Also Like...

Show Comments

Extras

Top Quizzes Today


Score Distribution

Your Account Isn't Verified!

In order to create a playlist on Sporcle, you need to verify the email address you used during registration. Go to your Sporcle Settings to finish the process.

Report this User

Report this user for behavior that violates our Community Guidelines.

Details: